So sánh nghệ thuật tuồng cổ của Việt Nam và mùa Khon của Thái Lan /

Cơ sơ ly luan ve nghe thuat va nghe thuat san khau co truyen.

Sparad:
Bibliografiska uppgifter
Huvudupphovsman: Hoàng Lê Đỗ Quyên
Övriga upphovsmän: ThS.Nguyen Anh Chi huong dan
Materialtyp: Lärdomsprov
Språk:Vietnamese
Publicerad: ĐHĐN-Trương ĐH ngoai ngữ, 2012.
Ämnen:
Taggar: Lägg till en tagg
Inga taggar, Lägg till första taggen!
Thư viện lưu trữ: Mạng thư viện Đại học Đà Nẵng
LEADER 01546na a2200373 4500
001 000030792
003 4518
005 20230404142930.0
008 151001s2012 000 vie
040 |a LNN 
041 |a vie 
082 |a 959.73  |b HO-Q 
100 |a Hoàng Lê Đỗ Quyên 
245 0 |a So sánh nghệ thuật tuồng cổ của Việt Nam và mùa Khon của Thái Lan /  |c Hoàng Lê Đỗ Quyên. 
246 |a lLuan văn tot nghiep 
260 |b ĐHĐN-Trương ĐH ngoai ngữ,  |c 2012. 
300 |a 30cm :  |b 78 tr;. 
502 |a Luan văn sinh vien 
505 |a Chuyen nghanh Quoc te hoc 
520 |a Cơ sơ ly luan ve nghe thuat va nghe thuat san khau co truyen.  |x Mot so đe xuat trong viec bao ton va phat trien nghe thuat tuong co VN. 
650 |a So sánh nghệ thuật tuồng cổ của Việt Nam và mùa Khon của Thái Lan, nghệ thuật, văn hóa 
653 |a Hoàng Lê Đỗ Quyên,2012,nghe thuat tong co VN,Mua Khon Thai Lan 
700 |a ThS.Nguyen Anh Chi  |b huong dan 
852 |b Luan văn tot nghiep  |c SV Khoa Quoc te hoc 
OWN |a LNN 
AVA |a UDN50  |b LNN  |d 959.73 HO-Q  |e available  |t Error 5001 Not defined in file expand_doc_bib_avail.  |f 2  |g 0  |h N  |i 0 
999 |a From the UDN01 
AVA |a UDN50  |b LNN  |d 959.73 HO-Q  |e available  |t Error 5001 Not defined in file expand_doc_bib_avail.  |f 2  |g 0  |h N  |i 0 
TYP |a Dissertation 
TYP |a Printed language 
980 |a Mạng thư viện Đại học Đà Nẵng